Immovable Laws, Irresistible Rights (Record no. 1191818)
[ view plain ]
| 000 -LEADER | |
|---|---|
| fixed length control field | 00790nam a2200277Ia 4500 |
| 003 - CONTROL NUMBER IDENTIFIER | |
| control field | OSt |
| 005 - DATE AND TIME OF LATEST TRANSACTION | |
| control field | 20221007110944.0 |
| 008 - FIXED-LENGTH DATA ELEMENTS--GENERAL INFORMATION | |
| fixed length control field | 221006b |||||||| |||| 00| 0 eng d |
| 020 ## - INTERNATIONAL STANDARD BOOK NUMBER | |
| International Standard Book Number | 0700610707 |
| 037 ## - SOURCE OF ACQUISITION | |
| Terms of availability | Textual |
| 040 ## - CATALOGING SOURCE | |
| Original cataloging agency | LCO |
| Transcribing agency | LCO |
| Language of cataloging | eng |
| 041 ## - LANGUAGE CODE | |
| Source of code | eng |
| Language code of text/sound track or separate title | eng |
| 100 ## - MAIN ENTRY--PERSONAL NAME | |
| Personal name | Pierce Christine |
| 245 #0 - TITLE STATEMENT | |
| Title | Immovable Laws, Irresistible Rights |
| Remainder of title | Natural Law, Moral Rights and Feminist Ethics |
| 260 ## - PUBLICATION, DISTRIBUTION, ETC. | |
| Place of publication, distribution, etc. | Kansas |
| Name of publisher, distributor, etc. | University Press of Kanas U.S.A. |
| Date of publication, distribution, etc. | 2000 |
| 300 ## - PHYSICAL DESCRIPTION | |
| Extent | 171 |
| 650 ## - SUBJECT ADDED ENTRY--TOPICAL TERM | |
| Topical term or geographic name entry element | FEMINIST ETHICS |
| 9 (RLIN) | 708106 |
| 650 ## - SUBJECT ADDED ENTRY--TOPICAL TERM | |
| Topical term or geographic name entry element | MORAL RIGHTS |
| 9 (RLIN) | 708107 |
| 650 ## - SUBJECT ADDED ENTRY--TOPICAL TERM | |
| Topical term or geographic name entry element | NATURAL LAW |
| 9 (RLIN) | 17999 |
| 942 ## - ADDED ENTRY ELEMENTS (KOHA) | |
| Classification part | Z,91, P0 |
| Koha item type | Textual |
| Withdrawn status | Lost status | Damaged status | Not for loan | Home library | Current library | Date acquired | Total Checkouts | Full call number | Barcode | Date last seen | Price effective from | Koha item type |
|---|---|---|---|---|---|---|---|---|---|---|---|---|
| Law Centre-I Library | Law Centre-I Library | 2022-10-07 | Z,91 P0 | LO1367673 | 2022-10-07 | 2022-10-07 | Textual |
